000 00340nam a2200157Ia 4500
100 _aDey/Pradeep/ Ghosh/Manas
650 _aStructured Programming
942 _cBK
366 _f25
245 _aStructured programming approach
260 _bOxford
_c2017
082 _a5.133
_bDEY
300 _a502
546 _aENGLISH
999 _c33548
_d33548